000 nam a22 a 4500
999 _c57276
_d57276
003 BLK
005 20220811130422.0
008 180408b bul|||||r ||||||| ||bul||
010 _aKNG00061271000
040 _aBLK
041 _aBUL
_cBUL
080 _aПолевъдство. Полски култури и производството им
_b633
_x(035)
_z633(035)
100 1 _aПопов, Атанас
_eпърви автор
_9369328
139 _aОснови на зърненото производство
_bО 83
245 1 0 _aОснови на зърненото производство
_bРъководство
_cАтанас Попов; предг. от Атанас Попов, Тодор Брешков.
257 _aBGR
260 _aСофия
_bЗемиздат
_c1973
300 _a436 с.
_bс ил.
_c25 см
380 _a63
500 _aАзб. показалец
650 4 _aЗърнено-житни култури - агротехника
_9287488
650 4 _aЗърнено-бобови култури - агротехника
_9287489
650 4 _aСлънчоглед - болести и вредители
_9287490
700 1 _aПопов, Атанас
_eпредг. от
_9369328
700 1 _aБрешков, Тодор
_eпредг. от
_9287487
852 _aЦб 69776
856 4 _qpdf
856 4 _qpdf
942 _cKNG
_n0
_s1
944 _aCR
_c13.06.2004
_kЧиталня
944 _aED
_c02.09.2015
_kГеновева_Генчева
944 _aED
_c2022-08-11
_kир
999 _d57276